Statystyki dla Pierwiastki - półmetale

Kliknij tutaj aby rozwiązać quiz!

Ogólne statystyki

  • Ten quiz został rozwiązany 4 razy
  • Średni wynik to 5 z 11

Statystyki odpowiedzi

Odpowiedź% Poprawnych
Arsen
75%
Bor
75%
Krzem
75%
Selen
75%
German
50%
Glin
50%
Antymon
25%
Astat
25%
Bizmut
25%
Polon
25%
Tellur
0%

Rozkład punktacji

Percentyl według liczby udzielonych odpowiedzi

Procent ludzi z każdym wynikiem

Twoja historia wyników

Nie rozwiązałeś tego quizu